Least Expensive Countries to Ship From - Statistics

General Stats
  • This quiz has been taken 17 times
  • The average score is 6 of 9
Answer Stats
$ Country Continent % Correct
572 Indonesia Asia
85%
460 Singapore Asia
77%
595 Thailand Asia
77%
410 East Timor Asia
69%
525 Malaysia Asia
69%
490 Samoa Oceania
69%
560 Sri Lanka Asia
62%
585 St. Vincent and the Grenadines North America
62%
515 Tonga Oceania
62%
No matching quizzes found
Score Distribution
Percent of People with Each Score
Percentile by Number Answered
Your Score History
You have not taken this quiz